Biblioteca y Centro de Documentación

Escasez (Registro nro. 48807)

Detalles MARC
000 -CABECERA
Longitud fija campo de control 01474 a2200433 4500
001 - NÚMERO DE CONTROL
Número de control 48807
003 - IDENTIFICADOR DE NÚMERO DE CONTROL
Identificador del número de control ES-MaCES
005 - FECHA Y HORA DE LA ÚLTIMA TRANSACCIÓN
Fecha y hora de la última transacción 20260113103110.0
008 - CAMPO FIJO DE DESCRIPCIÓN FIJA--INFORMACIÓN GENERAL
Códigos de información de longitud fija   170201s2016 sp ||||| |||||||||||mex|d
020 ## - ISBN (INTERNATIONAL STANDARD BOOK NUMBER)
Número Internacional Normalizado para Libros (ISBN) 9786071631701
040 ## - FUENTE DE CATALOGACIÓN
Centro catalogador de origen ES-MaCES
Lengua de catalogación spa
Centro transcriptor ES-MaCES
041 1# - CÓDIGO DE IDIOMA
Código de lengua del texto;banda sonora o título independiente spa
Código de lengua original eng
100 1# - ENCABEZAMIENTO PRINCIPAL--NOMBRE PERSONAL
9 (RLIN) 19306
Nombre de persona Mullainathan, Sendhil
245 10 - MENCIÓN DE TÍTULO
Título Escasez
Resto del título : ¿por qué tener poco significa tanto?
Mención de responsabilidad, etc. Sendhil Mullainathan, Eldar Shafir ; [trad., Roberto R. Reyes-Mazzoni]
250 ## - MENCIÓN DE EDICIÓN
Mención de edición 1ª ed. en spa
260 ## - PUBLICACIÓN, DISTRIBUCIÓN, ETC (PIE DE IMPRENTA)
Lugar de publicación, distribución, etc. México, D.F.
Nombre del editor, distribuidor, etc. Fondo de cultura económica
Fecha de publicación, distribución, etc. 2016
300 ## - DESCRIPCIÓN FÍSICA
Extensión 295 p.
Dimensiones 21 cm
490 1# - MENCIÓN DE SERIE
Mención de serie Economía
500 ## - NOTA GENERAL
Nota general Traducción de: Scarcity, why having too little means so much
500 ## - NOTA GENERAL
Nota general Índices
541 ## - NOTA DE LA FUENTE INMEDIANTE DE ADQUISICIÓN
Forma de adquisición Compra
650 #4 - ASIENTO SECUNDARIO DE MATERIA--TÉRMINO DE MATERIA
9 (RLIN) 27112
Término de materia o nombre geográfico como elemento inicial pobreza
650 #4 - ASIENTO SECUNDARIO DE MATERIA--TÉRMINO DE MATERIA
9 (RLIN) 29048
Término de materia o nombre geográfico como elemento inicial bajos ingresos
650 #4 - ASIENTO SECUNDARIO DE MATERIA--TÉRMINO DE MATERIA
9 (RLIN) 28666
Término de materia o nombre geográfico como elemento inicial escasez de alimentos
650 #4 - ASIENTO SECUNDARIO DE MATERIA--TÉRMINO DE MATERIA
9 (RLIN) 29224
Término de materia o nombre geográfico como elemento inicial necesidades esenciales
650 #4 - ASIENTO SECUNDARIO DE MATERIA--TÉRMINO DE MATERIA
9 (RLIN) 30732
Término de materia o nombre geográfico como elemento inicial evaluación del impacto
650 #4 - ASIENTO SECUNDARIO DE MATERIA--TÉRMINO DE MATERIA
9 (RLIN) 27271
Término de materia o nombre geográfico como elemento inicial comportamiento
650 #4 - ASIENTO SECUNDARIO DE MATERIA--TÉRMINO DE MATERIA
9 (RLIN) 27255
Término de materia o nombre geográfico como elemento inicial psicología social
650 #4 - ASIENTO SECUNDARIO DE MATERIA--TÉRMINO DE MATERIA
9 (RLIN) 27256
Término de materia o nombre geográfico como elemento inicial ciencias sociales
650 #4 - ASIENTO SECUNDARIO DE MATERIA--TÉRMINO DE MATERIA
9 (RLIN) 27066
Término de materia o nombre geográfico como elemento inicial ciencias económicas
653 ## - TÉRMINO DE INDEXACIÓN--NO CONTROLADO
Término no controlado Ciencias Sociales-Políticas
700 1# - ENCABEZAMIENTO SECUNDARIO--NOMBRE PERSONAL
9 (RLIN) 37736
Nombre de persona Shafir, Eldar
700 1# - ENCABEZAMIENTO SECUNDARIO--NOMBRE PERSONAL
9 (RLIN) 37737
Nombre de persona Reyes-Mazzoni, Roberto R.
Término indicativo de función tr.
710 2# - ENCABEZAMIENTO SECUNDARIO--NOMBRE CORPORATIVO
Nombre de entidad o nombre de jurisdicción como elemento inicial Fondo de Cultura Económica
Término indicativo de función ed.
9 (RLIN) 3614
740 02 - ENCABEZAMIENTO SECUNDARIO--TÍTULO ANALÍTICO/RELACIONADO NO CONTROLADO
Título relacionado o analítico no controlado Scarcity, why having too little means so much
830 #0 - ENCABEZAMIENTO SECUNDARIO DE COLECCIÓN--TÍTULO UNIFORME
Título uniforme Sección de obras de Economía
9 (RLIN) 34059
902 ## - CES. TIPO DE DOCUMENTO
Tipodoc (006$c Sirtex) LIB Libro
942 ## - ELEMENTOS KOHA
Fuente de clasificaión o esquema Clasificación propia del CES
Koha [por defecto] tipo de item Monografías
Parte de clasificación Ciencias Sociales Politicas Empresariale
Existencias
Número de registro Signatura completa Tipo de item de Koha
088653 SG-7.0.-374 Monografías
© CES, Consejo Económico y Social de España 2021